| 000 | 00643nam a22002177a 4500 | ||
|---|---|---|---|
| 003 | OSt | ||
| 005 | 20220107122719.0 | ||
| 008 | 130814b xxu||||| |||| 00| 0 eng d | ||
| 020 | _a9780387758886 | ||
| 040 | _cIIITM-K | ||
| 082 | _a003 MEY/E.1 | ||
| 245 |
_aEncyclopedia of complexity and systems science.Vol.1.: _cedited by Robert A Meyers _bA - Cl |
||
| 260 |
_aUSA, _bSpringer, _c2009. |
||
| 300 | _alxxvii,2344p. | ||
| 650 |
_aCOMPUTER SCIENCE _91461 |
||
| 650 |
_aCOMPUTATIONAL COMPLEXITY _91462 |
||
| 650 |
_aSYSTEMS SCIENCE _91463 |
||
| 650 |
_aSOCIAL NETWORK ANALYSIS _92362 |
||
| 700 |
_aMeyers, Robert A _91466 |
||
| 942 |
_2ddc _cRBK |
||
| 999 |
_c3168 _d3168 |
||